Molecular imaging : (Record no. 49720)
[ view plain ]
| 000 -LEADER | |
|---|---|
| fixed length control field | 03589cam a2200421Ka 4500 |
| 003 - CONTROL NUMBER IDENTIFIER | |
| control field | WSP |
| 005 - DATE AND TIME OF LATEST TRANSACTION | |
| control field | 20260416153406.0 |
| 008 - FIXED-LENGTH DATA ELEMENTS--GENERAL INFORMATION | |
| fixed length control field | 200515s2020 si ob 001 0 eng |
| 020 ## - INTERNATIONAL STANDARD BOOK NUMBER | |
| International Standard Book Number | 9781786346858 |
| -- | (ebook) |
| 020 ## - INTERNATIONAL STANDARD BOOK NUMBER | |
| International Standard Book Number | 1786346850 |
| -- | (ebook) |
| 020 ## - INTERNATIONAL STANDARD BOOK NUMBER | |
| Cancelled/invalid ISBN | 9781786346841 |
| -- | (hbk.) |
| 020 ## - INTERNATIONAL STANDARD BOOK NUMBER | |
| Cancelled/invalid ISBN | 1786346842 |
| -- | (hbk.) |
| 072 #7 - SUBJECT CATEGORY CODE | |
| Subject category code | TEC |
| Subject category code subdivision | 059000 |
| Source | bisacsh |
| 072 #7 - SUBJECT CATEGORY CODE | |
| Subject category code | TEC |
| Subject category code subdivision | 015000 |
| Source | bisacsh |
| 072 #7 - SUBJECT CATEGORY CODE | |
| Subject category code | SCI |
| Subject category code subdivision | 049000 |
| Source | bisacsh |
| 082 04 - DEWEY DECIMAL CLASSIFICATION NUMBER | |
| Classification number | 616.07/54 |
| Edition number | 23 |
| 100 1# - MAIN ENTRY--PERSONAL NAME | |
| Personal name | Rudin, M. |
| 245 10 - TITLE STATEMENT | |
| Title | Molecular imaging : |
| Remainder of title | basic principles and applications in biomedical research / |
| Statement of responsibility, etc | by Markus Rudin. |
| 250 ## - EDITION STATEMENT | |
| Edition statement | 3rd ed. |
| 260 ## - PUBLICATION, DISTRIBUTION, ETC. (IMPRINT) | |
| Place of publication, distribution, etc | Singapore : |
| Name of publisher, distributor, etc | World Scientific, |
| Date of publication, distribution, etc | [2020] |
| 300 ## - PHYSICAL DESCRIPTION | |
| Extent | 1 online resource (xxxi, 768 p.) |
| 505 0# - FORMATTED CONTENTS NOTE | |
| Contents | Foreword to the first edition -- Foreword of the second edition -- Foreword to the third edition -- About the author -- Acknowledgment -- Introduction -- Methodologies. Imaging techniques. Molecular reporter systems. Design of molecular imaging probes -- Applications. Drug imaging. Imaging gene expression. Imaging the function of gene products. Monitoring cell migration. Molecular imaging : translational aspects -- Appendices. Physical constants. Mathematical formulae. Natural amino acids. Nucleotides -- Index. |
| 520 ## - SUMMARY, ETC. | |
| Summary, etc | "The area of molecular imaging has matured over the past decade and is still growing rapidly. Many concepts developed for molecular biology and cellular imaging have been successfully translated to in vivo imaging of intact organisms. Molecular imaging enables the study of processes at a molecular level in their full biological context. Due to the high specificity of the molecular readouts the approach bears a high potential for diagnostics. It is fair to say that molecular imaging has become an indispensable tool for biomedical research and drug discovery and development today. This volume familiarizes the reader with the concepts of imaging and molecular imaging in particular. Basic principles of imaging technologies, reporter moieties for the various imaging modalities, and the design of targeted probes are described in the first part. The second part illustrates how these tools can be used to visualize relevant molecular events in the living organism. Topics covered include the studies of the biodistribution of reporter probes and drugs, visualization of the expression of biomolecules such as receptors and enzymes, and how imaging can be used for analyzing consequences of the interaction of a ligand or a drug with its molecular target by visualizing signal transduction, or assessing the metabolic, physiological, or structural response of the organism studied. The third edition has been extended considerably. This holds for the chapter on imaging modalities, which now includes sections on intravital microscopy and mass spectrometric imaging. All chapters have been updated and a new chapter on the challenges of translating molecular imaging solutions for clinical use has been added"--Publisher's website. |
| 650 #0 - SUBJECT ADDED ENTRY--TOPICAL TERM | |
| Topical term or geographic name as entry element | Molecular probes. |
| 650 #0 - SUBJECT ADDED ENTRY--TOPICAL TERM | |
| Topical term or geographic name as entry element | Diagnostic imaging. |
| 650 #0 - SUBJECT ADDED ENTRY--TOPICAL TERM | |
| Topical term or geographic name as entry element | Imaging systems in medicine. |
| 856 40 - ELECTRONIC LOCATION AND ACCESS | |
| Uniform Resource Identifier | <a href="https://www.worldscientific.com/worldscibooks/10.1142/q0204#t=toc">https://www.worldscientific.com/worldscibooks/10.1142/q0204#t=toc</a> |
| 942 ## - ADDED ENTRY ELEMENTS (KOHA) | |
| Koha item type | Electronic Books |
| 100 1# - MAIN ENTRY--PERSONAL NAME | |
| Fuller form of name | (Markus), |
| Dates associated with a name | 1953- |
| 538 ## - SYSTEM DETAILS NOTE | |
| System details note | Mode of access: World Wide Web. |
| 538 ## - SYSTEM DETAILS NOTE | |
| System details note | System requirements: Adobe Acrobat Reader. |
| 504 ## - BIBLIOGRAPHY, ETC. NOTE | |
| Bibliography, etc | Includes bibliographical references and index. |
| 655 #0 - INDEX TERM--GENRE/FORM | |
| Genre/form data or focus term | Electronic books. |
| Withdrawn status | Lost status | Source of classification or shelving scheme | Damaged status | Not for loan | Home library | Location | Date of Cataloging | Total Checkouts | Full call number | Barcode | Date last seen | Uniform Resource Identifier | Price effective from | Koha item type |
|---|---|---|---|---|---|---|---|---|---|---|---|---|---|---|
| Dewey Decimal Classification | CUTN Central Library | CUTN Central Library | 16/04/2026 | 616.07/54 | EB04978 | 16/04/2026 | https://doi.org/10.1142/q0204 | 16/04/2026 | Electronic Books |
